Personnages des Petits Meurtres d'Agatha Christie - Statistiques

Statistiques générales
  • Ce quiz a été pris 78 fois
  • Le résultat moyen est 8 sur 16
Statistiques - réponses
Personnages % Correct
Alice Avril
93%
Swan Laurence
91%
Marlène Leroy
89%
Jean Larosière
58%
Emile Lampion
49%
Maxime Beretta
49%
Rose Bellecour
49%
Timothée Glissant/Euphrasie Maillol
49%
Ernest Tricard
46%
Annie Gréco
42%
Martin/Arlette Carmouille
40%
Jacques Blum
26%
Ménard
21%
Râteau/Cassard
21%
Servan Legoff
21%
Verdure
18%
Aucun quiz correspondant
Distribution des résultats
% des personnes avec chaque résultat
Percentile par nombre de réponses
Votre historique - résultats
Vous n’avez pas pris ce quiz